[Event "Grand Swiss "]
[Date "2025.09.15"]
[White "Volokitin, Andrei"]
[Black "Gukesh D"]
[WhiteElo "2628"]
[BlackElo "2767"]
[Round "11.11.25"]
[Result "0-1"]

1. e4 {[%clk 01:40:58]} c6 {[%clk 01:40:54] [%emt 00:00:07]} 2. d4 {[%clk
01:41:22] [%emt 00:00:06]} d5 {[%clk 01:41:20] [%emt 00:00:04]} 3. e5 {[%clk
01:41:49] [%emt 00:00:03]} Bf5 {[%clk 01:41:46] [%emt 00:00:04]} 4. Nf3 {[%clk
01:42:14] [%emt 00:00:04]} e6 {[%clk 01:42:11] [%emt 00:00:05]} 5. Be2 {[%clk
01:42:40] [%emt 00:00:04]} a5 {[%clk 01:42:38] [%emt 00:00:03]} 6. a4 {[%clk
01:42:34] [%emt 00:00:36]} f6 {[%clk 01:42:59] [%emt 00:00:09]} 7. O-O {[%clk
01:41:30] [%emt 00:01:34]} Nd7 {[%clk 01:43:24] [%emt 00:00:05]} 8. Be3 {[%clk
01:28:07] [%emt 00:13:53]} Qc7 {[%clk 01:33:30] [%emt 00:10:24]} 9. Bf4 {[%clk
01:00:55] [%emt 00:27:41]} fxe5 {[%clk 01:27:53] [%emt 00:06:08]} 10. Nxe5
{[%clk 00:59:43] [%emt 00:01:42]} Bd6 {[%clk 01:28:15] [%emt 00:00:07]} 11. Bg4
{[%clk 00:56:32] [%emt 00:03:42]} O-O-O {[%clk 01:17:16] [%emt 00:11:29]} 12.
Bxf5 {[%clk 00:30:27] [%emt 00:26:35]} exf5 {[%clk 01:17:39] [%emt 00:00:08]}
13. Re1 {[%clk 00:30:50] [%emt 00:00:07]} Ngf6 {[%clk 01:11:19] [%emt 00:06:50]}
14. Nd2 {[%clk 00:18:12] [%emt 00:13:07]} Ne4 {[%clk 01:03:55] [%emt 00:07:54]}
15. Ndf3 {[%clk 00:18:19] [%emt 00:00:23]} Rhg8 {[%clk 00:43:27] [%emt
00:20:58]} 16. Nxd7 {[%clk 00:17:43] [%emt 00:01:06]} Bxf4 {[%clk 00:42:03]
[%emt 00:01:54]} 17. Nc5 {[%clk 00:18:06] [%emt 00:00:06]} Rge8 {[%clk 00:34:27]
[%emt 00:08:06]} 18. Nd3 {[%clk 00:04:26] [%emt 00:14:10]} Bd6 {[%clk 00:34:21]
[%emt 00:00:36]} 19. c3 {[%clk 00:02:45] [%emt 00:02:12]} g5 {[%clk 00:34:05]
[%emt 00:00:45]} 20. Nfe5 {[%clk 00:02:14] [%emt 00:01:01]} c5 {[%clk 00:34:26]
[%emt 00:00:09]} 21. f3 {[%clk 00:00:52] [%emt 00:01:52]} c4 {[%clk 00:31:25]
[%emt 00:03:31]} 22. fxe4 {[%clk 00:00:42] [%emt 00:00:40]} dxe4 {[%clk
00:31:20] [%emt 00:00:34]} 23. Qh5 {[%clk 00:00:45] [%emt 00:00:28]} cxd3 {[%clk
00:30:51] [%emt 00:01:00]} 24. Nxd3 {[%clk 00:01:08] [%emt 00:00:06]} Qc6 {[%clk
00:26:36] [%emt 00:04:45]} 25. Nf2 {[%clk 00:00:49] [%emt 00:00:49]} e3 {[%clk
00:26:48] [%emt 00:00:18]} 26. Nd3 {[%clk 00:00:38] [%emt 00:00:41]} Qe4 {[%clk
00:26:46] [%emt 00:00:32]} 27. Qe2 {[%clk 00:01:00] [%emt 00:00:09]} f4 {[%clk
00:21:56] [%emt 00:05:20]} 28. b4 {[%clk 00:01:10] [%emt 00:00:20]} axb4 {[%clk
00:13:15] [%emt 00:09:12]} 29. a5 {[%clk 00:01:33] [%emt 00:00:07]} Kb8 {[%clk
00:12:48] [%emt 00:00:56]} 30. a6 {[%clk 00:01:45] [%emt 00:00:18]} b6 {[%clk
00:13:12] [%emt 00:00:06]} 31. Nxb4 {[%clk 00:00:37] [%emt 00:01:38]} Bxb4
{[%clk 00:12:55] [%emt 00:00:48]} 32. cxb4 {[%clk 00:00:41] [%emt 00:00:25]}
Rxd4 {[%clk 00:12:36] [%emt 00:00:49]} 33. Red1 {[%clk 00:00:46] [%emt
00:00:25]} Re7 {[%clk 00:05:21] [%emt 00:07:45]} 34. b5 {[%clk 00:00:39] [%emt
00:00:37]} Ka7 {[%clk 00:03:36] [%emt 00:02:15]} 35. Rxd4 {[%clk 00:00:42] [%emt
00:00:27]} Qxd4 {[%clk 00:04:06] [%emt 00:00:02]} 36. Rd1 {[%clk 00:01:10]} Qc5
{[%clk 00:04:09] [%emt 00:00:27]} 37. h3 {[%clk 00:01:16] [%emt 00:00:25]} h5
{[%clk 00:04:34] [%emt 00:00:04]} 38. Kh1 {[%clk 00:00:35] [%emt 00:01:11]} g4
{[%clk 00:04:43] [%emt 00:00:22]} 39. Rf1 {[%clk 00:00:32] [%emt 00:00:32]} Qd4
{[%clk 00:04:53] [%emt 00:00:20]} 40. Rd1 {[%clk 00:00:34] [%emt 00:00:28]} Qc5
{[%clk 00:05:02] [%emt 00:00:21]} 41. h4 {[%clk 00:27:54] [%emt 00:23:10]} Qf5
{[%clk 00:54:15] [%emt 00:01:18]} 42. Rf1 {[%clk 00:28:13] [%emt 00:00:10]} f3
{[%clk 00:54:10] [%emt 00:00:36]} 0-1

[Site "Europe Echecs"]

[Event "Grand Swiss "]
[Date "2025.09.15"]
[White "Robson, Ray"]
[Black "Ivic, Velimir"]
[WhiteElo "2674"]
[BlackElo "2630"]
[Round "11.11.26"]
[Result "1/2-1/2"]

1. c4 {[%clk 01:40:57] [%emt 00:00:02]} Nf6 {[%clk 01:40:41] [%emt 00:00:20]} 2.
Nf3 {[%clk 01:41:01] [%emt 00:00:26]} e6 {[%clk 01:40:45] [%emt 00:00:26]} 3. b3
{[%clk 01:40:07] [%emt 00:01:19]} d5 {[%clk 01:39:03] [%emt 00:02:16]} 4. Bb2
{[%clk 01:40:18] [%emt 00:00:19]} Be7 {[%clk 01:38:01] [%emt 00:01:32]} 5. g3
{[%clk 01:39:37] [%emt 00:01:12]} O-O {[%clk 01:26:04] [%emt 00:12:28]} 6. Bg2
{[%clk 01:39:48] [%emt 00:00:18]} a5 {[%clk 01:22:00] [%emt 00:04:34]} 7. O-O
{[%clk 01:33:52] [%emt 00:06:24]} c6 {[%clk 01:17:46] [%emt 00:04:46]} 8. d3
{[%clk 01:31:24] [%emt 00:02:58]} a4 {[%clk 01:09:05] [%emt 00:09:11]} 9. bxa4
{[%clk 01:11:04] [%emt 00:20:47]} Nbd7 {[%clk 01:02:36] [%emt 00:07:01]} 10.
Nbd2 {[%clk 00:51:27] [%emt 00:20:07]} Nc5 {[%clk 00:56:29] [%emt 00:06:38]} 11.
Rb1 {[%clk 00:49:40] [%emt 00:02:17]} Nxa4 {[%clk 00:53:22] [%emt 00:03:36]} 12.
Ba1 {[%clk 00:49:02] [%emt 00:01:08]} Nc5 {[%clk 00:45:20] [%emt 00:08:33]} 13.
Qc2 {[%clk 00:47:42] [%emt 00:01:51]} Qa5 {[%clk 00:42:47] [%emt 00:03:02]} 14.
Bb2 {[%clk 00:46:34] [%emt 00:01:37]} Qa4 {[%clk 00:36:02] [%emt 00:07:16]} 15.
Qc1 {[%clk 00:41:53] [%emt 00:05:12]} b5 {[%clk 00:28:31] [%emt 00:08:00]} 16.
Bxf6 {[%clk 00:28:02] [%emt 00:14:21]} gxf6 {[%clk 00:28:57] [%emt 00:00:04]}
17. d4 {[%clk 00:27:39] [%emt 00:00:53]} Ne4 {[%clk 00:28:07] [%emt 00:01:19]}
18. Nxe4 {[%clk 00:14:56] [%emt 00:13:14]} dxe4 {[%clk 00:28:32] [%emt
00:00:05]} 19. Nd2 {[%clk 00:14:40] [%emt 00:00:45]} f5 {[%clk 00:28:46] [%emt
00:00:17]} 20. cxb5 {[%clk 00:14:38] [%emt 00:00:32]} cxb5 {[%clk 00:28:12]
[%emt 00:01:03]} 21. Nb3 {[%clk 00:14:44] [%emt 00:00:24]} Qc4 {[%clk 00:23:04]
[%emt 00:05:39]} 22. Qd2 {[%clk 00:13:25] [%emt 00:01:49]} Bb7 {[%clk 00:18:12]
[%emt 00:05:23]} 23. Rfc1 {[%clk 00:11:21] [%emt 00:02:33]} Qb4 {[%clk 00:16:05]
[%emt 00:02:37]} 24. Qxb4 {[%clk 00:10:08] [%emt 00:01:43]} Bxb4 {[%clk
00:16:33] [%emt 00:00:02]} 25. Nc5 {[%clk 00:10:18] [%emt 00:00:20]} Bxc5 {[%clk
00:13:13] [%emt 00:03:51]} 26. Rxc5 {[%clk 00:10:29] [%emt 00:00:18]} Rxa2
{[%clk 00:12:24] [%emt 00:01:19]} 27. Rcxb5 {[%clk 00:10:33] [%emt 00:00:25]}
Bd5 {[%clk 00:06:10] [%emt 00:06:45]} 28. e3 {[%clk 00:09:34] [%emt 00:01:30]}
Rc8 {[%clk 00:05:46] [%emt 00:00:54]} 29. Rb8 {[%clk 00:09:14] [%emt 00:00:50]}
Rxb8 {[%clk 00:06:10] [%emt 00:00:06]} 30. Rxb8+ {[%clk 00:09:38] [%emt
00:00:05]} Kg7 {[%clk 00:06:37] [%emt 00:00:02]} 31. Rb1 {[%clk 00:07:36] [%emt
00:02:32]} Bc4 {[%clk 00:05:44] [%emt 00:01:24]} 32. Bf1 {[%clk 00:07:46] [%emt
00:00:19]} Bxf1 {[%clk 00:06:02] [%emt 00:00:12]} 33. Kxf1 {[%clk 00:06:35]
[%emt 00:01:40]} Rd2 {[%clk 00:05:47] [%emt 00:00:46]} 34. Kg2 {[%clk 00:06:57]
[%emt 00:00:08]} h6 {[%clk 00:06:10] [%emt 00:00:08]} 35. h3 {[%clk 00:07:21]
[%emt 00:00:06]} h5 {[%clk 00:05:16] [%emt 00:01:24]} 1/2-1/2

[Site "Europe Echecs"]

[Event "Grand Swiss "]
[Date "2025.09.15"]
[White "Sjugirov, Sanan"]
[Black "Vitiugov, Nikita"]
[WhiteElo "2627"]
[BlackElo "2666"]
[Round "11.11.27"]
[Result "1/2-1/2"]

1. e4 {[%clk 01:40:56] [%emt 00:00:02]} e5 {[%clk 01:40:48] [%emt 00:00:12]} 2.
Nf3 {[%clk 01:41:18] [%emt 00:00:09]} Nc6 {[%clk 01:41:13] [%emt 00:00:05]} 3.
Bc4 {[%clk 01:41:39] [%emt 00:00:09]} Bc5 {[%clk 01:41:35] [%emt 00:00:07]} 4.
d3 {[%clk 01:41:57] [%emt 00:00:13]} Nf6 {[%clk 01:41:38] [%emt 00:00:27]} 5.
Be3 {[%clk 01:42:06] [%emt 00:00:21]} Bxe3 {[%clk 01:40:03] [%emt 00:02:05]} 6.
fxe3 {[%clk 01:42:30] [%emt 00:00:06]} d6 {[%clk 01:39:00] [%emt 00:01:33]} 7.
Qd2 {[%clk 01:42:47] [%emt 00:00:13]} O-O {[%clk 01:36:41] [%emt 00:02:49]} 8.
Bb3 {[%clk 01:37:01] [%emt 00:06:16]} a6 {[%clk 01:27:16] [%emt 00:09:56]} 9. h3
{[%emt 00:09:31]} Be6 {[%clk 01:18:19] [%emt 00:05:33]} 10. Nc3 {[%clk 01:28:29]
[%emt 00:03:54]} Na5 {[%clk 01:17:20] [%emt 00:01:29]} 11. O-O {[%clk 01:20:38]
[%emt 00:08:20]} c5 {[%clk 01:14:17] [%emt 00:03:34]} 12. Bd5 {[%clk 01:15:11]}
Rc8 {[%clk 01:08:45] [%emt 00:11:58]} 13. a4 {[%clk 00:57:04]} h6 {[%emt
00:26:55]} 14. Qe1 {[%clk 00:45:27]} Nc6 {[%clk 00:56:16] [%emt 00:17:19]} 15.
Bxc6 {[%clk 00:44:21]} bxc6 {[%clk 00:52:14] [%emt 00:06:08]} 16. b3 {[%clk
00:43:51]} Nd7 {[%clk 00:45:59] [%emt 00:07:45]} 17. Qg3 {[%clk 00:33:23] [%emt
00:10:58]} Qa5 {[%clk 00:36:41] [%emt 00:09:49]} 18. Ne2 {[%clk 00:31:55] [%emt
00:01:58]} f5 {[%clk 00:32:27] [%emt 00:04:43]} 19. exf5 {[%clk 00:31:08] [%emt
00:01:18]} Rxf5 {[%clk 00:32:31] [%emt 00:00:26]} 20. Qe1 {[%clk 00:22:25] [%emt
00:09:12]} Qxe1 {[%clk 00:26:59] [%emt 00:06:03]} 21. Raxe1 {[%clk 00:22:44]
[%emt 00:00:11]} Rff8 {[%clk 00:23:47] [%emt 00:03:41]} 22. Ng3 {[%clk 00:22:06]
[%emt 00:01:07]} Nf6 {[%clk 00:22:22] [%emt 00:01:56]} 23. Nh4 {[%clk 00:18:00]
[%emt 00:04:36]} Rcd8 {[%clk 00:19:25] [%emt 00:03:28]} 24. Rf2 {[%clk 00:15:45]
[%emt 00:02:45]} Rf7 {[%clk 00:17:21] [%emt 00:02:34]} 25. e4 {[%clk 00:12:16]
[%emt 00:03:59]} Kh7 {[%clk 00:14:39] [%emt 00:03:12]} 26. Ref1 {[%clk 00:11:39]
[%emt 00:01:07]} Rdd7 {[%clk 00:14:02] [%emt 00:01:07]} 27. Nhf5 {[%clk
00:05:47] [%emt 00:06:22]} Ne8 {[%clk 00:13:28] [%emt 00:01:04]} 28. Ne2 {[%clk
00:06:10] [%emt 00:00:07]} g6 {[%clk 00:12:39] [%emt 00:01:20]} 29. Ne3 {[%clk
00:06:28] [%emt 00:00:11]} Rxf2 {[%clk 00:10:56] [%emt 00:02:14]} 30. Kxf2
{[%clk 00:06:18] [%emt 00:00:40]} Kg7 {[%clk 00:11:14] [%emt 00:00:13]} 31. Ng1
{[%clk 00:05:13] [%emt 00:01:34]} Nf6 {[%clk 00:09:31] [%emt 00:02:13]} 32. g4
{[%clk 00:02:17] [%emt 00:03:27]} Rf7 {[%clk 00:05:34] [%emt 00:04:27]} 33. Nf3
{[%clk 00:02:03] [%emt 00:00:44]} Rf8 {[%clk 00:05:02] [%emt 00:01:02]} 34. Kg3
{[%clk 00:02:11] [%emt 00:00:22]} Nd7 {[%clk 00:03:45] [%emt 00:01:47]} 35. Rh1
{[%clk 00:01:48] [%emt 00:00:53]} d5 {[%clk 00:03:26] [%emt 00:00:50]} 36. Re1
{[%clk 00:01:43] [%emt 00:00:35]} Rb8 {[%clk 00:02:19] [%emt 00:01:37]} 37. Nd2
{[%clk 00:01:34] [%emt 00:00:38]} Kf6 {[%clk 00:02:14] [%emt 00:00:35]} 38. exd5
{[%clk 00:00:38] [%emt 00:01:26]} cxd5 {[%clk 00:02:40] [%emt 00:00:04]} 39. c4
{[%clk 00:01:04] [%emt 00:00:04]} d4 {[%clk 00:02:31] [%emt 00:00:40]} 40. Nd1
{[%clk 00:00:59] [%emt 00:00:35]} Ke7 {[%clk 00:01:15] [%emt 00:01:46]} 41. Nf2
{[%clk 00:43:17] [%emt 00:08:11]} Rb6 {[%clk 00:47:37] [%emt 00:04:09]} 42. Nfe4
{[%clk 00:42:27] [%emt 00:01:19]} Rb8 {[%clk 00:47:16] [%emt 00:00:51]} 43. Rb1
{[%clk 00:37:12] [%emt 00:05:44]} a5 {[%clk 00:36:49] [%emt 00:10:58]} 44. Re1
{[%clk 00:35:18] [%emt 00:02:24]} Rb6 {[%clk 00:33:00] [%emt 00:04:20]} 45. Rf1
{[%clk 00:32:39] [%emt 00:03:09]} Rb8 {[%clk 00:32:27] [%emt 00:01:03]} 46. Rb1
{[%clk 00:32:54] [%emt 00:00:15]} Rh8 {[%clk 00:31:00] [%emt 00:01:56]} 47. Nf3
{[%clk 00:32:04] [%emt 00:01:20]} Rb8 {[%clk 00:30:12] [%emt 00:01:19]} 48. Rb2
{[%clk 00:30:53] [%emt 00:01:41]} Rh8 {[%clk 00:28:37] [%emt 00:02:05]} 49. Re2
{[%clk 00:21:04] [%emt 00:10:18]} Rb8 {[%clk 00:27:08] [%emt 00:01:59]} 50. Ned2
{[%clk 00:20:58] [%emt 00:00:36]} Kd6 {[%clk 00:26:41] [%emt 00:00:57]} 51. Rf2
{[%clk 00:20:26] [%emt 00:01:02]} Ke7 {[%clk 00:26:18] [%emt 00:00:54]} 52. Rh2
{[%clk 00:18:13] [%emt 00:02:43]} Kd6 {[%clk 00:25:29] [%emt 00:01:20]} 53. Re2
{[%clk 00:18:04] [%emt 00:00:38]} Rb6 {[%clk 00:21:28] [%emt 00:04:31]} 54. Ne4+
{[%clk 00:10:50] [%emt 00:07:43]} Ke7 {[%clk 00:21:11] [%emt 00:00:46]} 55. Nfd2
{[%clk 00:10:55] [%emt 00:00:26]} Rb8 {[%clk 00:21:16] [%emt 00:00:26]} 56. Re1
{[%clk 00:10:46] [%emt 00:00:38]} 1/2-1/2

[Site "Europe Echecs"]

[Event "Grand Swiss "]
[Date "2025.09.15"]
[White "Anton Guijarro, David"]
[Black "Wojtaszek, Radoslaw"]
[WhiteElo "2625"]
[BlackElo "2661"]
[Round "11.11.28"]
[Result "1/2-1/2"]

1. c4 {[%clk 01:40:54] [%emt 00:00:05]} Nf6 {[%clk 01:40:54] [%emt 00:00:06]} 2.
Nc3 {[%clk 01:41:05] [%emt 00:00:19]} e5 {[%clk 01:41:18] [%emt 00:00:06]} 3.
Nf3 {[%clk 01:41:23] [%emt 00:00:12]} Nc6 {[%clk 01:41:44] [%emt 00:00:04]} 4.
d3 {[%clk 01:41:27] [%emt 00:00:25]} d5 {[%clk 01:38:38] [%emt 00:03:36]} 5.
cxd5 {[%clk 01:41:34] [%emt 00:00:23]} Nxd5 {[%clk 01:39:04] [%emt 00:00:04]} 6.
g3 {[%clk 01:41:45] [%emt 00:00:19]} Be7 {[%clk 01:39:05] [%emt 00:00:29]} 7.
Nxd5 {[%clk 01:41:20] [%emt 00:00:55]} Qxd5 {[%clk 01:39:30] [%emt 00:00:05]} 8.
Bg2 {[%clk 01:41:45] [%emt 00:00:05]} O-O {[%clk 01:33:10] [%emt 00:06:50]} 9.
O-O {[%clk 01:41:23] [%emt 00:00:51]} Qd6 {[%clk 01:31:45] [%emt 00:01:56]} 10.
a3 {[%clk 01:39:42] [%emt 00:02:11]} a5 {[%clk 01:30:55] [%emt 00:01:20]} 11.
Bg5 {[%clk 01:31:42] [%emt 00:08:29]} Nd4 {[%clk 01:26:45] [%emt 00:04:41]} 12.
Bxe7 {[%clk 01:29:25] [%emt 00:02:48]} Qxe7 {[%clk 01:27:10] [%emt 00:00:05]}
13. e3 {[%clk 01:26:14] [%emt 00:03:40]} Nxf3+ {[%clk 01:27:06] [%emt 00:00:34]}
14. Qxf3 {[%clk 01:25:57] [%emt 00:00:47]} c6 {[%clk 01:26:32] [%emt 00:01:04]}
15. Rad1 {[%clk 01:19:05] [%emt 00:07:23]} Be6 {[%clk 01:25:30] [%emt 00:01:32]}
16. Rd2 {[%clk 01:12:11] [%emt 00:07:23]} Rfd8 {[%clk 01:22:38] [%emt 00:03:21]}
17. Qe4 {[%clk 01:07:12] [%emt 00:05:30]} Bd5 {[%clk 01:21:06] [%emt 00:02:02]}
18. Qg4 {[%clk 01:07:34] [%emt 00:00:08]} Bxg2 {[%clk 01:19:52] [%emt 00:01:44]}
19. Kxg2 {[%clk 01:08:00] [%emt 00:00:04]} Rd5 {[%clk 01:20:01] [%emt 00:00:21]}
20. Rb1 {[%clk 01:03:21] [%emt 00:05:08]} g6 {[%clk 01:19:06] [%emt 00:01:25]}
21. Qc4 {[%clk 01:03:11] [%emt 00:00:40]} Qd7 {[%clk 01:17:43] [%emt 00:01:54]}
22. b4 {[%clk 01:00:25] [%emt 00:03:16]} axb4 {[%clk 01:17:25] [%emt 00:00:48]}
23. axb4 {[%clk 01:00:47] [%emt 00:00:07]} h5 {[%clk 01:13:41] [%emt 00:04:14]}
24. h4 {[%clk 00:57:49] [%emt 00:03:28]} Ra3 {[%clk 01:12:50] [%emt 00:01:20]}
25. Rbd1 {[%clk 00:56:31] [%emt 00:01:48]} Ra8 {[%clk 01:12:05] [%emt 00:01:16]}
26. Rb1 {[%clk 00:54:18] [%emt 00:02:43]} Ra3 {[%clk 01:12:30] [%emt 00:00:04]}
27. Rbd1 {[%clk 00:54:46] [%emt 00:00:03]} Ra8 {[%clk 01:12:54] [%emt 00:00:06]}
28. Rb1 {[%clk 00:55:13] [%emt 00:00:03]} Ra3 {[%clk 01:13:19] [%emt 00:00:05]}
29. Rbd1 {[%emt 00:00:20]} Ra8 {[%emt 00:00:08]} 1/2-1/2

[Site "Europe Echecs"]